000 00442nam a2200181Ia 4500
005 20240823060602.0
008 240823s9999||||xx |||||||||||||| ||und||
041 _aENGLISH
082 _A621.3813 Q3
100 _a"Liao,Samual Y"
245 0 _aMicrowave Devices and Circuits
250 _a3rd
260 _c2013
_bPearson Educ
500 _aTRANSFERED
650 _aMicrowave Engineering
_bElectronics
942 _cBK
999 _c231486
_d231486